Ley Nº 18.018. Nuevas normas del contrato individual de trabajo, explicaciones y comentarios
Guardat en:
| Autor principal: | |
|---|---|
| Format: | Llibre |
| Idioma: | espanyol |
| Publicat: |
Santiago
CEPET
1982
|
| Edició: | 2a. ed |
| Matèries: | |
| Etiquetes: |
Afegir etiqueta
Sense etiquetes, Sigues el primer a etiquetar aquest registre!
|
MARC
| LEADER | 00000nam a2200000 a 4500 | ||
|---|---|---|---|
| 001 | UCS2541 | ||
| 003 | CL-VaPUC | ||
| 008 | 970604e19820000CL |||||||||||||||||spa|d | ||
| 082 | 0 | 4 | |a 344.018 |b DIA |2 21 |
| 100 | 0 | |a Díaz Salas, Juan |e author |9 388099 | |
| 245 | 1 | 0 | |a Ley Nº 18.018. Nuevas normas del contrato individual de trabajo, explicaciones y comentarios |
| 250 | |a 2a. ed | ||
| 300 | |a 168 p | ||
| 942 | |c BK | ||
| 945 | |d 19970604 00:00:00 |a paguirre | ||
| 260 | |a Santiago |b CEPET |c 1982 | ||
| 650 | 7 | |a DERECHO LABORAL |2 CL-VaPUC |9 15 | |
| 650 | 7 | |a CONTRATO DE TRABAJO |2 CL-VaPUC |9 388100 | |
| 650 | 7 | |a REMUNERACIONES |2 CL-VaPUC |9 371777 | |
| 650 | 7 | |a PERSONAL |2 CL-VaPUC |9 343747 | |
| 650 | 7 | |a INDEMNIZACION POR TERMINO DE CONTRATO DE TRABAJO |2 CL-VaPUC |9 388101 | |
| 650 | 7 | |a JORNADA DE TRABAJO |2 CL-VaPUC |9 388087 | |
| 583 | |a last modification |c 20170712 04:04:08 |k Rodrigo Vera | ||
| 999 | |c 260487 |d 260485 | ||
| 952 | |0 0 |1 0 |4 0 |6 344_018000000000000_DIA_1982 |7 0 |8 A |9 286655 |a BIBDER |b BIBDER |d 2019-11-19 |i 1859978 |o 344.018 DIA 1982 |p 1859978 |r 2023-01-25 |w 2019-11-19 |y BK |k DER | ||